书目信息 |
| 题名: |
古兰经故事
|
|
| 作者: | 杨连屿 编写 | |
| 分册: | ||
| 出版信息: | 北京 外国文学出版社 1997.04 |
|
| 页数: | 331页 | |
| 开本: | 32开 | |
| 丛书名: | ||
| 单 册: | ||
| 中图分类: | B961-49 | |
| 科图分类: | ||
| 主题词: | 伊斯兰教 | |
| 电子资源: | ||
| ISBN: | 7-5016-0143-7 | |
| 000 | 00519nam0 2200181 45 | |
| 001 | 0009271946 | |
| 005 | 20000927190301.6 | |
| 010 | @a7-5016-0143-7@d16.00CNY | |
| 100 | @a20000927d1997 km y0chiy0120 ea | |
| 101 | 0 | @achi |
| 200 | 1 | @a古兰经故事@AGu Lan Jing Gu Shi@f杨连屿等编写@FYang Lian Yu Deng Bian Xie |
| 210 | @a北京@c外国文学出版社@d1997.04 | |
| 215 | @a331页@d32开 | |
| 606 | 0 | @a伊斯兰教 |
| 690 | @aB961-49@v3 | |
| 701 | 0 | @a杨连屿@4编写 |
| 801 | @aCN@bPftUser@c20000927 | |
| 905 | @b156621-630@dB961-49@eY375@f10 | |
| 古兰经故事/杨连屿等编写.-北京:外国文学出版社,1997.04 |
| 331页;32开 |
| ISBN 7-5016-0143-7:16.00CNY |
| ● |
| 相关链接 |
|
|
|
正题名:古兰经故事
索取号:B961-49/Y375
 
预约/预借
| 序号 | 登录号 | 条形码 | 馆藏地/架位号 | 状态 | 备注 |
| 1 | 156621 | 201566215 | 自科二线400A/400A自科库 11排3列4层/ [索取号:B961-49/Y375] | 在馆 | |
| 2 | 156622 | 201566224 | 自科二线400A/509社科库 54排4列2层/ [索取号:B961-49/Y375] | 在馆 | |
| 3 | 156623 | 201566233 | 自科二线400A/400A自科库 11排3列4层/ [索取号:B961-49/Y375] | 在馆 | |
| 4 | 156624 | 201566242 | 自科二线400A/400A自科库 11排3列4层/ [索取号:B961-49/Y375] | 在馆 | |
| 5 | 156625 | 201566251 | 自科二线400A/400A自科库 11排3列4层/ [索取号:B961-49/Y375] | 在馆 | |
| 6 | 156626 | 201566260 | 自科二线400A/400A自科库 11排3列4层/ [索取号:B961-49/Y375] | 在馆 | |
| 7 | 156627 | 201566279 | 自科二线400A/400A自科库 11排3列3层/ [索取号:B961-49/Y375] | 在馆 | |
| 8 | 156628 | 201566288 | 自科二线400A/400A自科库 11排3列4层/ [索取号:B961-49/Y375] | 在馆 | |
| 9 | 156629 | 201566297 | 自科二线400A/400A自科库 11排3列4层/ [索取号:B961-49/Y375] | 在馆 | |
| 10 | 156630 | 201566304 | 自科二线400A/400A自科库 11排3列4层/ [索取号:B961-49/Y375] | 在馆 | |
| 11 | 397357 | 203973575 | 自科二线400A/400A自科库 11排3列3层/ [索取号:B961-49/Y375] | 在馆 | |
| 12 | 397358 | 203973584 | 自科二线400A/ [索取号:B961-49/Y375] | 在馆 | |
| 13 | 397359 | 203973593 | 自科二线400A/ [索取号:B961-49/Y375] | 在馆 |